<?xml version="1.0" encoding="UTF-8"?>
<record
    xmlns:xsi="http://www.w3.org/2001/XMLSchema-instance"
    xsi:schemaLocation="http://www.loc.gov/MARC21/slim http://www.loc.gov/standards/marcxml/schema/MARC21slim.xsd"
    xmlns="http://www.loc.gov/MARC21/slim">

  <leader>01334cas a22002294a 4500</leader>
  <controlfield tag="005">20151104140603.0</controlfield>
  <controlfield tag="008">071025s1996    ne q  n s    i000 0 spa</controlfield>
  <datafield tag="022" ind1=" " ind2=" ">
    <subfield code="a">09208771</subfield>
  </datafield>
  <datafield tag="040" ind1=" " ind2=" ">
    <subfield code="a">DLC</subfield>
    <subfield code="c">DLC</subfield>
    <subfield code="d">CO-BoIAVH</subfield>
  </datafield>
  <datafield tag="041" ind1="0" ind2=" ">
    <subfield code="a">eng</subfield>
    <subfield code="a">fre</subfield>
    <subfield code="a">por</subfield>
    <subfield code="a">spa</subfield>
  </datafield>
  <datafield tag="090" ind1=" " ind2=" ">
    <subfield code="a">SE</subfield>
  </datafield>
  <datafield tag="245" ind1="0" ind2="0">
    <subfield code="a">LEISA:</subfield>
    <subfield code="b">bolet&#xED;n de ILEIA para la agricultura sostenible de bajos insumos externos.</subfield>
  </datafield>
  <datafield tag="260" ind1=" " ind2=" ">
    <subfield code="a">Amersfoort (Holanda) :</subfield>
    <subfield code="b">Informationcentre for Low External Input Agriculture (ILEIA),</subfield>
    <subfield code="c">2006.</subfield>
  </datafield>
  <datafield tag="300" ind1=" " ind2=" ">
    <subfield code="b">col. ;</subfield>
    <subfield code="c">4 3/4 in.</subfield>
  </datafield>
  <datafield tag="520" ind1="0" ind2=" ">
    <subfield code="a">Incluye cerca de 3.000 art&#xED;culos en cinco idiomas diferentes se centraron en: la agricultura a peque&#xF1;a escala viable y maneras de encontrar opciones t&#xE9;cnicas y sociales abiertas a los agricultores que buscan mejorar la productividad y los ingresos de una manera ecol&#xF3;gicamente racional. Tambi&#xE9;n incluye el uso &#xF3;ptimo de los recursos locales y los procesos naturales, y, de ser necesario, utilice, seguro y eficiente de los insumos externos.</subfield>
  </datafield>
  <datafield tag="650" ind1=" " ind2="6">
    <subfield code="a">Agricultura sostenible</subfield>
    <subfield code="z">Pa&#xED;ses en desarrollo.</subfield>
  </datafield>
  <datafield tag="650" ind1=" " ind2="6">
    <subfield code="a">Biotecnolog&#xED;a agr&#xED;cola</subfield>
    <subfield code="z">Pa&#xED;ses en desarrollo.</subfield>
  </datafield>
  <datafield tag="650" ind1=" " ind2="6">
    <subfield code="a">Ecolog&#xED;a Agr&#xED;cola</subfield>
    <subfield code="z">Pa&#xED;ses en desarrollo.</subfield>
  </datafield>
  <datafield tag="650" ind1=" " ind2="6">
    <subfield code="a">Desarrollo Rural</subfield>
    <subfield code="z">Pa&#xED;ses en desarrollo.</subfield>
  </datafield>
  <datafield tag="710" ind1="2" ind2=" ">
    <subfield code="a">Information centre for Low External Input Agriculture.</subfield>
  </datafield>
  <datafield tag="942" ind1=" " ind2=" ">
    <subfield code="2">z</subfield>
    <subfield code="c">REVISTA</subfield>
  </datafield>
  <datafield tag="999" ind1=" " ind2=" ">
    <subfield code="c">16970</subfield>
    <subfield code="d">16970</subfield>
  </datafield>
  <datafield tag="952" ind1=" " ind2=" ">
    <subfield code="0">0</subfield>
    <subfield code="1">0</subfield>
    <subfield code="4">0</subfield>
    <subfield code="7">0</subfield>
    <subfield code="8">HEMEROTECA</subfield>
    <subfield code="A">2001</subfield>
    <subfield code="B">17</subfield>
    <subfield code="C">4</subfield>
    <subfield code="a">Villa</subfield>
    <subfield code="b">Villa</subfield>
    <subfield code="d">2002-03-19</subfield>
    <subfield code="e">Desconocido</subfield>
    <subfield code="l">0</subfield>
    <subfield code="o">SERIADAS 01262</subfield>
    <subfield code="p">009919</subfield>
    <subfield code="r">2015-03-25 00:00:00</subfield>
    <subfield code="t">1</subfield>
    <subfield code="w">2015-03-25</subfield>
    <subfield code="x">Donaci&#xF3;n</subfield>
    <subfield code="y">REVISTA</subfield>
  </datafield>
</record>
